Sintonización de controladores PID en sistemas multivariables
Պահպանված է:
| Հիմնական հեղինակ: | |
|---|---|
| Ձևաչափ: | Գիրք |
| Հրապարակվել է: |
2002
[San José, Costa Rica]
|
| Խորագրեր: | |
| Ցուցիչներ: |
Ավելացրեք ցուցիչ
Չկան պիտակներ, Եղեք առաջինը, ով նշում է այս գրառումը!
|
MARC
| LEADER | 00000nam a2200000Ia 4500 | ||
|---|---|---|---|
| 003 | 9709 | ||
| 005 | 20221231144123.0 | ||
| 008 | 140114s2002 cr m 000 ||s d | ||
| 040 | |c cru CEDI | ||
| 090 | |a TFG 5239 | ||
| 100 | |a Gutiérrez Vargas, Edgar Max |9 4088 | ||
| 245 | |a Sintonización de controladores PID en sistemas multivariables | ||
| 260 | |c [San José, Costa Rica] |a 2002 | ||
| 300 | |a xii, 100 hojas : ilustraciones (algunas a color) | ||
| 500 | |a Proyecto de graduación (bachillerato en ingeniería eléctrica)--Universidad de Costa Rica. Facultad de Ingeniería. Escuela de Ingeniería Eléctrica, 2002 -- IE-0502 | ||
| 650 | |x CONTROLADORES PID |x SIMULACION POR COMPUTADORA |x CONTROL AUTOMATICO |x TEORIA DEL CONTROL |9 4089 | ||
| 942 | |c TFG | ||
| 999 | |c 17185 |d 17185 | ||
